00344nam a2200133Ia 4500008004100000020001500041041001200056082001600068100001500084245006000099260002500159300000800184650001800192221030s9999 xx 000 0 und d a007462086X aEnglish a105.23bCha aP. Chandra 0aFinancial Management - Theory & Practicecby P. Chandra bTMHaNew Delhic2001 a951 aBE Management